¿Cómo construir un legado familiar? Un modelo para tener familias empresarias perdurables (Registro nro. 11991)
[ vista simple ]
| 000 -CABECERA | |
|---|---|
| campo de control de longitud fija | 01453nam a22004697a 4500 |
| 005 - FECHA Y HORA DE ACTUALIZACIÓN | |
| campo de control | 20190603180000.0 |
| 008 - LONGITUD FIJA | |
| campo de control de longitud fija | 190603b xxu||||| |||| 00| 0 spa d |
| 020 ## - INTERNATIONAL STANDARD BOOK NUMBER | |
| Número Internacional Estándar del Libro | 9786075227979 |
| 041 ## - IDIOMA | |
| Código de idioma del texto/pista de sonido o título separado | |
| 082 ## - CLASIFICACIÓN DECIMAL DEWEY | |
| Número de clasificación | 658.045 G633c2 |
| 100 ## - AUTOR PERSONAL | |
| Nombre de persona | Gómez Betancourt, Gonzalo |
| 245 ## - TÍTULO PROPIAMENTE DICHO | |
| Título | ¿Cómo construir un legado familiar? Un modelo para tener familias empresarias perdurables |
| 250 ## - EDICIÓN | |
| Mención de edición | 2 edición |
| 260 ## - PIE DE IMPRENTA | |
| Lugar de publicación, distribución, etc. | México |
| 260 ## - PIE DE IMPRENTA | |
| Nombre del editor, distribuidor, etc. | Cengage Learning |
| 260 ## - PIE DE IMPRENTA | |
| Fecha de publicación, distribución, etc. | 2016 |
| 300 ## - DESCRIPCIÓN FÍSICA | |
| Extensión | 218 páginas |
| 505 ## - Nota de Contenido | |
| Nota de contenido | Contiene casos de estudio. |
| 650 ## - Materia General | |
| Materia general | ADMINISTRACIÓN |
| 650 ## - Materia General | |
| Materia general | EMPRESA FAMILIAR |
| 650 ## - Materia General | |
| Materia general | ESTRATEGIA |
| 650 ## - Materia General | |
| Materia general | ESTRUCTURA FAMILIAR |
| 650 ## - Materia General | |
| Materia general | ÓRGANOS DE GOBIERNO |
| 650 ## - Materia General | |
| Materia general | COMITÉS DE APOYO |
| 650 ## - Materia General | |
| Materia general | ÁMBITO PATRIMONIAL |
| 650 ## - Materia General | |
| Materia general | PROPIEDAD INDIVIDUAL |
| 650 ## - Materia General | |
| Materia general | PROPIEDAD COLECTIVA |
| 650 ## - Materia General | |
| Materia general | VALORES |
| 650 ## - Materia General | |
| Materia general | PRINCIPIOS |
| 650 ## - Materia General | |
| Materia general | VIRTUDES |
| 650 ## - Materia General | |
| Materia general | ÁMBITO EMPRESARIAL |
| 650 ## - Materia General | |
| Materia general | RECURSOS CORPORATIVOS |
| 650 ## - Materia General | |
| Materia general | ESTRATEGIA INTERNACIONAL |
| 650 ## - Materia General | |
| Materia general | INVERSIÓN |
| 650 ## - Materia General | |
| Materia general | DIVERSIFICACIÓN |
| 650 ## - Materia General | |
| Materia general | PORTAFOLIO DE NEGOCIOS |
| 650 ## - Materia General | |
| Materia general | SISTEMAS DE DIRECCIÓN |
| 650 ## - Materia General | |
| Materia general | OFICINA FAMILIAR |
| 650 ## - Materia General | |
| Materia general | SISTEMA DE REMUNERACIÓN |
| 650 ## - Materia General | |
| Materia general | EVALUACIÓN |
| 942 ## - Punto de Acceso Adicional Koha | |
| Tipo de ítem Koha | Libro |
| Estado perdido | Estado dañado | No para préstamo | Biblioteca permanente | Biblioteca actual | Signatura completa | Código de barras | Precio efectivo a partir del | Tipo de ítem |
|---|---|---|---|---|---|---|---|---|
| Departamento de Biblioteca y Documentación Alfonso Chase Brenes | Departamento de Biblioteca y Documentación Alfonso Chase Brenes | 658.045 G633c2 | 24388 | 03/06/2019 | Libro |